| 000 | 01018cam a22003135a 4500 | ||
|---|---|---|---|
| 999 |
_c26839 _d26811 |
||
| 001 | 010756547 | ||
| 003 | Uk | ||
| 005 | 20180920122221.0 | ||
| 008 | 020827s2000 mau frb 001 0 eng d | ||
| 010 | _a97010781 | ||
| 015 |
_aGBA0Y8011 _2bnb |
||
| 020 | _a1578513014 (pbk.) | ||
| 020 | _a9781578513017 | ||
| 039 | 0 | _a2706 | |
| 040 |
_aStDuBDS _beng _cStDuBDS _dUk _dEG-ScBUE |
||
| 082 | 0 | 4 |
_a658.403 _bDAV _222 |
| 100 | 1 |
_aDavenport, Thomas H., _d1954- |
|
| 245 | 1 | 0 |
_aWorking knowledge : _bhow organizations manage what they know / _cThomas H. Davenport, Laurence Prusak. |
| 260 |
_aBoston, Mass. : _bHarvard Business School Press, _c2000. |
||
| 300 |
_axxiv, 199 p. ; _c24 cm. |
||
| 504 | _aIncludes bibliographical references and index. | ||
| 650 | 7 |
_aOrganizational learning. _2BUEsh |
|
| 650 | 7 |
_aInformation resources management. _2BUEsh _913875 |
|
| 651 | _2BUEsh | ||
| 653 |
_bBUSADM _cSeptember2018 |
||
| 690 | 7 |
_aManagement and Business Studies _2blcoll |
|
| 700 | 1 | _aPrusak, Laurence. | |
| 942 | _2ddc | ||